Ethnic Groups A-Z #2 - Statistics

General Stats
  • This quiz has been taken 4,936 times
  • The average score is 16 of 26
Answer Stats
Clue Ethnic Group % Correct
I Notable people include Guglielmo Marconi, Benito Mussolini and Antonio Vivaldi Italians
94%
K More than 50% of the population of this ethnic group has either of the family names of Kim, Lee or Park Koreans
94%
M Indigenous people of New Zealand Maoris
93%
J They claim to be "the chosen people" Jews
89%
B Indigenous people of Morocco and Algeria known as Amazighs Berbers
84%
N Native American people whose reservation is between, Arizona, Utah and New Mexico Navajos
84%
G The most notable person from this ethnic group is Joseph Stalin Georgians
82%
A Ethnic group of Mother Teresa, Muhammad Ali of Egypt and Dua Lipa Albanians
81%
L They were united under one crown with the Poles between 1569–1795 Lithuanians
80%
E Ethnic group whose ethnonym is derived from the Angles English
79%
H Ethnic group who were the primary perpetrators of the Rwandan genocide Hutus
77%
S Nepali ethnic group that are excellent mountain climbers Sherpas
70%
U Dominant ethnic group in Central Asia Uzbeks
70%
D Dominant ethnic group in Zealand, Funen or Bornholm Danes
69%
C They were expelled from eastern Tennessee and forced to walk to Oklahoma Cherokees
68%
F Melanesian ethnic group who call themselves "iTaukei" Fijians
65%
P They are also called Afghans by some Pashtuns
62%
Y Most of the people around Lagos belong to this ethnic group Yorubas
56%
T Highly persecuted ethnic group of People's Republic of China Tibetans
54%
R Persecuted Muslim ethnic group in Myanmar Rohingyas
48%
O Dominant ethnic group of Ethiopia Oromos
35%
Q Turkic people in Iran after whom a model of compact Nissan car is named Qashqai
30%
W They are the largest ethnic group in Senegal Wolofs
29%
X Chinese people also known as Hunanese people Xiang
17%
Z Indigenous people whose population is concentrated in the Mexican state of Oaxaca Zapotec
16%
V Bantu people who mostly live on the South African-Zimbabwean border Vendas
13%
No matching quizzes found
Score Distribution
Percent of People with Each Score
Percentile by Number Answered
Your Score History
You have not taken this quiz